Firefly Characters Quiz Stats

 Plays Quiz Updated Feb 12, 2014

Score 0/9 Timer 03:00
1 Play Today
Actor Character % Correct
Nathan FillionCaptain Malcolm Reynolds
95.8%
Summer GlauRiver Tam
92.1%
Alan TudykHoban 'Wash' Washburne
88.4%
Adam BaldwinJayne Cobb
86.8%
Sean MaherDr. Simon Tam
84.4%
Ron GlassShepherd Book
81.8%
Gina TorresZoe Washburne
77.7%
Jewel StaiteKaylee Frye
76.2%
Morena BaccarinInara Serra
72.7%

You're not logged in!

Compare scores with friends on all Sporcle quizzes.
OR
Log In

Sporcle TV

Today on Sporcle TV


Watch our educational content, quiz creation guides, and fun videos on Sporcle TV.

Show Comments

Extras

Top Quizzes Today


Score Distribution

Your Account Isn't Verified!

In order to create a playlist on Sporcle, you need to verify the email address you used during registration. Go to your Sporcle Settings to finish the process.

Report this User

Report this user for behavior that violates our Community Guidelines.

Details: